20 paesi con maggior consumo di acqua pro-capite - Statistics

Statistiche generali
  • Questo quiz è stato fatto 13 volte
  • Il punteggio medio è 10 su 20
Statistiche sulle risposte
Zona geografica Consumo Giornaliero
di Acqua Pro Capite
(litri)
Paese % Corretto
Nord America 3.732 Stati Uniti
100%
America del Sud 5.880 Cile
92%
America del Sud 3.070 Uruguay
83%
Sud-est asiatico 2.772 Vietnam
67%
Medio Oriente 3.638 Iran
58%
Asia Centrale 3.397 Kazakistan
58%
Europa settentrionale 3.585 Estonia
50%
Europa settentrionale 3.414 Finlandia
50%
Medio Oriente 2.745 Iraq
50%
Asia Centrale 4.460 Tagikistan
50%
Asia occidentale 3.512 Azerbaigian
42%
Asia Centrale 4.153 Kirghizistan
42%
Oceania 3.277 Nuova Zelanda
42%
America del Sud 3.214 Suriname
42%
Sud-est asiatico 3.456 Timor-Est
42%
Asia Centrale 15.445 Turkmenistan
42%
Asia meridionale 2.760 Afghanistan
33%
America del Sud 5.284 Guyana
33%
Asia Centrale 4.778 Uzbekistan
33%
Africa australe 2.741 eSwatini
17%
Nessun quiz corrispondente trovato
Distribuzione punteggi
Percentuale di utenti per punteggio
Percentile per numero di risposta
I tuoi punteggi nel tempo
Non hai fatto questo quiz